|
|
|
|
| LEADER |
00684cam a2200205 7i4500 |
| 001 |
0000042785 |
| 005 |
20120612090000.0 |
| 020 |
|
|
|a 0130934097 (pbk. ; international ed)
|
| 020 |
|
|
|a 9780130934093 (pbk. ; international ed)
|
| 090 |
0 |
0 |
|a HF5635
|b .H67 2002
|
| 100 |
1 |
|
|a Horngren, Charles T
|
| 245 |
1 |
0 |
|a Accounting
|c Charles T. Horngren, Walter T. Harrison, Jr., Linda Smith Bamber.
|
| 250 |
|
|
|a 5th ed.
|
| 260 |
|
|
|a Upper Saddle River, N.J.:
|b Prentice Hall,
|c 2002.
|
| 300 |
|
|
|a xxx, 1104 p.:
|b col. ill.;
|c 28 cm.
|
| 500 |
|
|
|a Gift
|
| 650 |
0 |
0 |
|a Accounting
|
| 700 |
1 |
|
|a Bamber, Linda S
|
| 700 |
1 |
|
|a Harrison, Walter T
|
| 999 |
|
|
|a 0000053705
|b BOK
|c OPEN SHELF
|e 1st Floor, Shah Alam
|